[Event "DVM U12 2017"]
[Site "Magdeburg GER"]
[Date "2017.12.28"]
[Round "3"]
[White "Deutsch, Oliver"]
[Black "Tenbosch, Till Theo"]
[Result "1-0"]
[Termination "normal"]
[Board "6.3"]
[WhiteElo "1471"]
[BlackElo "1030"]
[WhiteClock "00:45:51"]
[BlackClock "00:20:22"]
[WhiteTeam "SK Gründau"]
[BlackTeam "SK Münster"]
[PlyCount "91"]
[WhiteFideId "16206894"]
[BlackFideId "16255461"]
[EventCountry "GER"]
[EventRounds "7"]
[EventType "team-swiss"]
[EventDate "2017.12.26"]

1. e4 d5 2. exd5 Qxd5 3. Nc3 Qa5 4. d4 Nf6 5. Nf3 Bf5 6. Bd2 c6 7. Bc4 e6 8.
Qe2 Bd6 9. Ne4 Qd8 10. Bd3 Bxe4 11. Bxe4 Nbd7 12. O-O O-O 13. c4 Re8 14. Bc2 b6
15. Bg5 {[%clk 1:16:03]} h6 {[%clk 1:18:15]} 16. Bh4 {[%clk 1:16:23]} c5 {[%clk
1:14:12]} 17. Qd3 {[%clk 1:14:30]} Rc8 {[%clk 1:10:57]} 18. Rad1 {[%clk
1:11:44]} Be7 {[%clk 1:08:37]} 19. Rd2 {[%clk 1:09:02]} Rc7 {[%clk 1:07:22]}
20. Rfd1 {[%clk 1:08:16]} Qc8 {[%clk 1:01:37]} 21. d5 {[%clk 1:05:01]} Bf8
{[%clk 0:52:52]} 22. Bxf6 Nxf6 23. Ne5 Bd6 24. Nc6 exd5 25. cxd5 Bf4 26. d6 Rd7
27. Ne7+ Rexe7 28. dxe7 Bxd2 29. Qf5 Qe8 30. Ba4 Qxe7 31. Bxd7 Nxd7 32. Qd3
{[%clk 0:45:25]} Be1 {[%clk 0:19:46]} 33. Qxd7 {[%clk 0:45:13]} Qe2 {[%clk
0:20:01]} 34. Qd8+ {[%clk 0:44:57]} Kh7 {[%clk 0:20:24]} 35. Qd3+ {[%clk
0:45:19]} Qxd3 {[%clk 0:19:58]} 36. Rxd3 {[%clk 0:45:40]} f5 {[%clk 0:19:39]}
37. Kf1 {[%clk 0:45:17]} Ba5 {[%clk 0:20:05]} 38. Rd7 {[%clk 0:45:33]} a6
{[%clk 0:20:21]} 39. Ra7 {[%clk 0:45:49]} Bd2 {[%clk 0:20:02]} 40. Rxa6 {[%clk
0:46:07]} Ba5 {[%clk 0:20:22]} 41. Ke2 {[%clk 0:45:31]} g5 {[%clk 0:20:39]} 42.
Ra8 {[%clk 0:45:47]} Kg6 {[%clk 0:20:56]} 43. Rd8 {[%clk 0:45:58]} b5 {[%clk
0:21:00]} 44. Rd5 {[%clk 0:45:57]} Bb6 {[%clk 0:21:23]} 45. b4 {[%clk 0:45:33]}
c4 {[%clk 0:20:22]} 46. Rd6+ {[%clk 0:45:51]} 1-0

[Event "DVM U12 2017"]
[Site "Magdeburg GER"]
[Date "2017.12.28"]
[Round "3"]
[White "Weidemann, Jakob"]
[Black "Bayer, Oliver"]
[Result "1-0"]
[Termination "normal"]
[Board "6.4"]
[WhiteElo "963"]
[BlackElo "1497"]
[WhiteClock "01:13:38"]
[BlackClock "00:01:07"]
[WhiteTeam "SK Münster"]
[BlackTeam "SK Gründau"]
[PlyCount "79"]
[WhiteFideId "16255470"]
[BlackFideId "16243978"]
[EventCountry "GER"]
[EventRounds "7"]
[EventType "team-swiss"]
[EventDate "2017.12.26"]

1. e4 {[%clk 1:30:59]} e5 {[%clk 1:30:52]} 2. Nf3 {[%clk 1:31:24]} Nc6 {[%clk
1:31:14]} 3. Bc4 {[%clk 1:31:44]} Bc5 {[%clk 1:31:35]} 4. d3 {[%clk 1:32:06]}
Nf6 {[%clk 1:31:54]} 5. O-O {[%clk 1:32:18]} h6 {[%clk 1:32:16]} 6. c3 {[%clk
1:32:37]} O-O {[%clk 1:31:20]} 7. Re1 {[%clk 1:32:53]} d6 {[%clk 1:30:24]} 8.
Nbd2 {[%clk 1:33:02]} Bg4 {[%clk 1:29:21]} 9. Nf1 {[%clk 1:33:06]} Re8 {[%clk
1:28:39]} 10. Ng3 {[%clk 1:33:21]} Na5 {[%clk 1:22:30]} 11. Bb5 {[%clk
1:33:31]} c6 {[%clk 1:22:23]} 12. Ba4 {[%clk 1:33:49]} b5 {[%clk 1:17:38]} 13.
Bc2 {[%clk 1:33:44]} Bb6 {[%clk 1:17:06]} 14. h3 {[%clk 1:33:23]} Be6 {[%clk
1:12:50]} 15. Nh4 {[%clk 1:33:15]} Qd7 {[%clk 1:05:21]} 16. Nhf5 {[%clk
1:32:28]} Bxf5 {[%clk 1:03:55]} 17. Nxf5 {[%clk 1:32:40]} Kh7 {[%clk 1:03:22]}
18. Qf3 {[%clk 1:32:29]} Qe6 {[%clk 0:59:06]} 19. Qg3 {[%clk 1:31:49]} g5
{[%clk 0:58:52]} 20. h4 {[%clk 1:31:22]} Nh5 {[%clk 0:30:40]} 21. Qg4 {[%clk
1:30:23]} Nf6 {[%clk 0:30:07]} 22. Qh3 {[%clk 1:29:35]} g4 {[%clk 0:30:09]} 23.
Qh2 {[%clk 1:28:41]} Rg8 {[%clk 0:28:10]} 24. Be3 {[%clk 1:24:19]} Bxe3 {[%clk
0:21:41]} 25. Rxe3 {[%clk 1:24:37]} Rg6 {[%clk 0:21:32]} 26. h5 {[%clk
1:20:19]} Rg5 {[%clk 0:21:24]} 27. Ng3 {[%clk 1:19:41]} d5 {[%clk 0:21:10]} 28.
Bd1 {[%clk 1:19:41]} Rd8 {[%clk 0:11:54]} 29. f3 {[%clk 1:15:21]} gxf3 {[%clk
0:10:08]} 30. Rxf3 {[%clk 1:14:23]} dxe4 {[%clk 0:08:35]} 31. dxe4 {[%clk
1:13:57]} Nc4 32. Bb3 {[%clk 1:13:45]} Rdg8 {[%clk 0:04:19]} 33. Raf1 {[%clk
1:13:20]} Nxh5 {[%clk 0:01:58]} 34. Nxh5 {[%clk 1:13:04]} Rxg2+ {[%clk
0:02:06]} 35. Qxg2 {[%clk 1:13:08]} Rxg2+ {[%clk 0:02:30]} 36. Kxg2 {[%clk
1:13:29]} Qg4+ {[%clk 0:02:39]} 37. Ng3 {[%clk 1:13:13]} Nd2 {[%clk 0:02:10]}
38. Rxf7+ {[%clk 1:13:21]} Kh8 {[%clk 0:01:49]} 39. Rf8+ {[%clk 1:13:36]} Kg7
{[%clk 0:01:07]} 40. Rg8+ {[%clk 1:13:38]} 1-0

[Event "DVM U12 2017"]
[Site "Magdeburg GER"]
[Date "2017.12.28"]
[Round "3"]
[White "Lauterbach, Kolja"]
[Black "Wiedersich, Hendryk"]
[Result "1/2-1/2"]
[Termination "normal"]
[Board "7.1"]
[WhiteElo "1683"]
[BlackElo "1447"]
[WhiteTeam "SK Freiburg-Zähringen"]
[BlackTeam "SV Dresden-Leuben"]
[PlyCount "86"]
[WhiteFideId "16235916"]
[BlackFideId "16255399"]
[EventCountry "GER"]
[EventRounds "7"]
[EventType "team-swiss"]
[EventDate "2017.12.26"]

1. e4 e6 2. d4 d5 3. Nd2 Nf6 4. Bd3 c5 5. c3 Nc6 6. Ngf3 Be7 7. O-O O-O 8. Re1
dxe4 9. Nxe4 cxd4 10. cxd4 Nxd4 11. Nxd4 Qxd4 12. Nc3 Rd8 13. Re3 Ng4 14. Nb5
Nxe3 15. Bxh7+ Kh8 16. Qxd4 Rxd4 17. Nxd4 Nxg2 18. Be4 Nh4 19. Be3 Nf5 20. Nxf5
exf5 21. Bf3 g5 22. Rc1 f4 23. Bd4+ Kg8 24. Bxb7 Bxb7 25. Rc7 Bf3 26. Rxe7 Rd8
27. Bc3 Rd1+ 28. Re1 Rxe1+ 29. Bxe1 Bd5 30. b3 Be4 31. Bc3 Kh7 32. Kf1 Bb1 33.
a3 Bc2 34. b4 Kg6 35. Kg2 Kf5 36. f3 Ke6 37. Kh3 f5 38. Bb2 Bd3 39. a4 Be2 40.
b5 Bd1 41. a5 Be2 42. b6 axb6 43. axb6 Ba6 1/2-1/2

[Event "DVM U12 2017"]
[Site "Magdeburg GER"]
[Date "2017.12.28"]
[Round "3"]
[White "Phan Trong, Dai"]
[Black "Straub, Benno"]
[Result "1-0"]
[Termination "normal"]
[Board "7.2"]
[WhiteElo "1587"]
[BlackElo "1492"]
[WhiteTeam "SV Dresden-Leuben"]
[BlackTeam "SK Freiburg-Zähringen"]
[PlyCount "59"]
[WhiteFideId "16236939"]
[BlackFideId "16255488"]
[EventCountry "GER"]
[EventRounds "7"]
[EventType "team-swiss"]
[EventDate "2017.12.26"]

1. c4 e5 2. Nc3 Nc6 3. g3 g6 4. Bg2 Bg7 5. d3 d6 6. e4 f5 7. f4 Nf6 8. Nge2 O-O
9. O-O fxe4 10. Nxe4 Nxe4 11. Bxe4 Bg4 12. Qc2 Bxe2 13. Qxe2 Nd4 14. Qd1 c6 15.
Be3 Bh6 16. Bxd4 exd4 17. Qb3 Qb6 18. Qc2 Rae8 19. Rae1 Re7 20. Bd5+ Ref7 21.
Bxf7+ Rxf7 22. Qe2 Bf8 23. f5 Re7 24. Qg4 Rxe1 25. Rxe1 Kf7 26. fxg6+ hxg6 27.
Re6 Be7 28. Qxg6+ Kf8 29. Re4 Qd8 30. Rf4+ 1-0

[Event "DVM U12 2017"]
[Site "Magdeburg GER"]
[Date "2017.12.28"]
[Round "3"]
[White "Tolstorukova, Amelie"]
[Black "Hentschel, Lena"]
[Result "1/2-1/2"]
[Termination "normal"]
[Board "7.3"]
[WhiteElo "1223"]
[BlackElo "1449"]
[WhiteTeam "SK Freiburg-Zähringen"]
[BlackTeam "SV Dresden-Leuben"]
[PlyCount "71"]
[WhiteFideId "16255496"]
[BlackFideId "16240324"]
[EventCountry "GER"]
[EventRounds "7"]
[EventType "team-swiss"]
[EventDate "2017.12.26"]

1. e4 e5 2. Nf3 Nc6 3. Bc4 Bc5 4. c3 Nf6 5. d4 exd4 6. cxd4 Bb4+ 7. Bd2 Bxd2+
8. Nbxd2 d5 9. e5 dxc4 10. exf6 Qxf6 11. Nxc4 Qe7+ 12. Ne3 Qb4+ 13. Qd2 Qxd2+
14. Kxd2 Ne7 15. Rac1 c6 16. Kc2 O-O 17. Kb1 Be6 18. Rhe1 Rfe8 19. Re2 Rad8 20.
Rce1 Nf5 21. Nxf5 Bxf5+ 22. Ka1 Kf8 23. Rxe8+ Rxe8 24. Rxe8+ Kxe8 25. Ne5 f6
26. Nc4 Kd7 27. Ne3 Ke6 28. b4 Be4 29. f3 Bd5 30. Kb2 b5 31. a3 g6 32. Kc3 h5
33. f4 Be4 34. h4 a6 35. g3 f5 36. Kd2 1/2-1/2

[Event "DVM U12 2017"]
[Site "Magdeburg GER"]
[Date "2017.12.28"]
[Round "3"]
[White "Potapov, Maxim"]
[Black "Trimpin, Fynn"]
[Result "0-1"]
[Termination "normal"]
[Board "7.4"]
[WhiteElo "1088"]
[BlackElo "1028"]
[WhiteTeam "SV Dresden-Leuben"]
[BlackTeam "SK Freiburg-Zähringen"]
[PlyCount "71"]
[WhiteFideId "16255402"]
[BlackFideId "16255500"]
[EventCountry "GER"]
[EventRounds "7"]
[EventType "team-swiss"]
[EventDate "2017.12.26"]

1. e4 e5 2. Nf3 Nc6 3. Bc4 Nf6 4. Ng5 d5 5. exd5 Na5 6. Bb5+ c6 7. dxc6 bxc6 8.
Ba4 h6 9. Nf3 Bc5 10. c3 Bb6 11. Nxe5 Qe7 12. Qe2 Bb7 13. Nf3 Qxe2+ 14. Kxe2
O-O 15. Rd1 Ba6+ 16. d3 Rad8 17. Bc2 Ng4 18. Be3 Rfe8 19. b4 Nb7 20. Nd4 Bxd4
21. cxd4 Rxd4 22. h3 Nxe3 23. fxe3 Rde4 24. Nc3 Rxe3+ 25. Kd2 Rg3 26. Rg1 Nd6
27. a4 Re7 28. b5 cxb5 29. axb5 Bxb5 30. Nxb5 Nxb5 31. Rab1 Na3 32. d4 Nxb1+
33. Rxb1 Rxg2+ 34. Kc3 Rc7+ 35. Kd3 Rg3+ 36. Ke2 0-1

[Event "DVM U12 2017"]
[Site "Magdeburg GER"]
[Date "2017.12.28"]
[Round "3"]
[White "Strehse, Nelson"]
[Black "Kittel, Lennart"]
[Result "0-1"]
[Termination "normal"]
[Board "8.1"]
[WhiteElo "1172"]
[BlackElo "1116"]
[WhiteTeam "Klub Kölner SF"]
[BlackTeam "SF 1876 Göppingen"]
[PlyCount "38"]
[WhiteFideId "16228898"]
[BlackFideId "16254171"]
[EventCountry "GER"]
[EventRounds "7"]
[EventType "team-swiss"]
[EventDate "2017.12.26"]

1. e4 c5 2. Nf3 a6 3. c4 Nc6 4. d4 cxd4 5. Nxd4 Nf6 6. Nc3 e6 7. Be3 Bb4 8. Qd3
O-O 9. f3 d5 10. exd5 exd5 11. a3 Ba5 12. b4 Bc7 13. Bg5 Re8+ 14. Be2 dxc4 15.
Bxf6 Qxf6 16. Qxc4 Qxd4 17. Qb3 Qd3 18. Rd1 Rxe2+ 19. Kf1 Rd2+ 0-1

[Event "DVM U12 2017"]
[Site "Magdeburg GER"]
[Date "2017.12.28"]
[Round "3"]
[White "Blazevic, Ksaver"]
[Black "Maric, Anton"]
[Result "1-0"]
[Termination "normal"]
[Board "8.2"]
[WhiteElo "1139"]
[BlackElo "1314"]
[WhiteTeam "SF 1876 Göppingen"]
[BlackTeam "Klub Kölner SF"]
[PlyCount "49"]
[WhiteFideId "16255534"]
[BlackFideId "16211375"]
[EventCountry "GER"]
[EventRounds "7"]
[EventType "team-swiss"]
[EventDate "2017.12.26"]

1. e4 e6 2. d4 d5 3. e5 c5 4. c3 Qb6 5. Nf3 Bd7 6. Bd3 Bb5 7. O-O Bxd3 8. Qxd3
Nc6 9. Be3 Nge7 10. Nbd2 Nf5 11. b3 cxd4 12. cxd4 Be7 13. Rac1 f6 14. Rfe1 Nb4
15. Qb1 Qa6 16. Rc7 fxe5 17. dxe5 O-O 18. g4 Nxe3 19. Rxe3 Bg5 20. Nxg5 g6 21.
Rxh7 Rf5 22. gxf5 exf5 23. Reh3 Kf8 24. Rh8+ Ke7 25. R3h7# 1-0

[Event "DVM U12 2017"]
[Site "Magdeburg GER"]
[Date "2017.12.28"]
[Round "3"]
[White "Tugui, David"]
[Black "Cilo, Selimhan"]
[Result "0-1"]
[Termination "normal"]
[Board "8.3"]
[WhiteElo "1168"]
[BlackElo "1053"]
[WhiteTeam "Klub Kölner SF"]
[BlackTeam "SF 1876 Göppingen"]
[PlyCount "140"]
[WhiteFideId "16255518"]
[BlackFideId "16246756"]
[EventCountry "GER"]
[EventRounds "7"]
[EventType "team-swiss"]
[EventDate "2017.12.26"]

1. e4 e5 2. Nf3 Nc6 3. Bc4 Bc5 4. b4 Bxb4 5. c3 Bc5 6. d4 exd4 7. cxd4 Bb4+ 8.
Bd2 Qe7 9. O-O f6 10. Qb3 Nh6 11. Bxb4 Qxb4 12. Qxb4 Nxb4 13. Nc3 b6 14. a3 Nc6
15. Nb5 Kd8 16. Rad1 a6 17. Nc3 b5 18. Bd5 Bb7 19. a4 b4 20. Na2 a5 21. Rd2 Rb8
22. Rc1 Ne7 23. Bxb7 Rxb7 24. d5 Nf7 25. Rc5 Ra7 26. h3 Nd6 27. e5 Ne4 28. Rdc2
Nxc5 29. Rxc5 Rb7 30. Rxa5 b3 31. Nc3 b2 32. Nb1 Rb4 33. d6 cxd6 34. exd6 Nc6
35. Ra8+ Rb8 36. Ra6 Ke8 37. a5 Kf7 38. Nfd2 Rhe8 39. Kf1 Ne5 40. Ra7 Rbd8 41.
a6 Nd3 42. Kg1 Nc5 43. Nc4 Re1+ 44. Kh2 Rxb1 45. Kg3 Ne4+ 46. Kf3 Ng5+ 47. Kg4
Ne4 48. Rb7 Nxf2+ 49. Kf3 Nd3 50. Kg3 Ke6 51. a7 Kd5 52. Rxd7 Ra8 53. Nb6+ Kc6
54. Nxa8 Ra1 55. Rb7 Kxd6 56. Rb6+ Kc5 57. Rb7 Rxa7 58. Rb8 Rxa8 59. Rxa8 b1=Q
60. Rc8+ Kd4 61. Rh8 Qe1+ 62. Kh2 Qf2 63. Rd8+ Ke5 64. Rxd3 Ke4 65. Rg3 f5 66.
Rxg7 f4 67. Rg5 f3 68. Kh1 Qf1+ 69. Kh2 f2 70. Rg4+ Kf5 0-1

[Event "DVM U12 2017"]
[Site "Magdeburg GER"]
[Date "2017.12.28"]
[Round "3"]
[White "Schedel, Loris"]
[Black "Theisen, Johannes"]
[Result "0-1"]
[Termination "normal"]
[Board "8.4"]
[WhiteElo "1040"]
[BlackElo "1177"]
[WhiteTeam "SF 1876 Göppingen"]
[BlackTeam "Klub Kölner SF"]
[PlyCount "52"]
[WhiteFideId "16255542"]
[BlackFideId "16255526"]
[EventCountry "GER"]
[EventRounds "7"]
[EventType "team-swiss"]
[EventDate "2017.12.26"]

1. e4 e5 2. Nf3 Nc6 3. Bc4 Bc5 4. O-O Nf6 5. d3 d6 6. Nbd2 O-O 7. a3 Bg4 8. b4
Bb6 9. Re1 Nd4 10. c3 Ne6 11. a4 a5 12. Ba3 Nf4 13. h3 Bh5 14. bxa5 Bxa5 15.
Rb1 Bb6 16. Bb4 Nd7 17. g4 Nxh3+ 18. Kh2 Bxg4 19. Qb3 Nf4 20. Rg1 Bxf3 21. Nxf3
Qf6 22. Rg4 Bxf2 23. Kh1 Qh6+ 24. Nh4 Bxh4 25. Rbg1 Bf2+ 26. Rh4 Qxh4# 0-1

[Event "DVM U12 2017"]
[Site "Magdeburg GER"]
[Date "2017.12.28"]
[Round "3"]
[White "Pikalow, Michael"]
[Black "Quinque, Pepe"]
[Result "0-1"]
[Termination "normal"]
[Board "9.1"]
[WhiteElo "1504"]
[BlackElo "992"]
[WhiteTeam "USC Magdeburg"]
[BlackTeam "VfL Gräfenhainichen"]
[PlyCount "40"]
[WhiteFideId "16227638"]
[BlackFideId "16255550"]
[EventCountry "GER"]
[EventRounds "7"]
[EventType "team-swiss"]
[EventDate "2017.12.26"]

1. e4 c5 2. Nf3 a6 3. c3 Nf6 4. e5 Nd5 5. Bc4 e6 6. Bxd5 exd5 7. d4 c4 8. O-O
Be7 9. Ne1 d6 10. f4 dxe5 11. fxe5 O-O 12. Nd2 f6 13. exf6 Bxf6 14. Qh5 Qe7 15.
Qxd5+ Be6 16. Qe4 Nd7 17. Qxb7 Rae8 18. Nef3 Bg4 19. Re1 Qxe1+ 20. Nxe1 Bxd4+
0-1

[Event "DVM U12 2017"]
[Site "Magdeburg GER"]
[Date "2017.12.28"]
[Round "3"]
[White "Nguyen, Alex Tommi"]
[Black "Hoffmann, Siegfried"]
[Result "0-1"]
[Termination "normal"]
[Board "9.2"]
[WhiteElo "981"]
[BlackElo "1552"]
[WhiteTeam "VfL Gräfenhainichen"]
[BlackTeam "USC Magdeburg"]
[PlyCount "126"]
[WhiteFideId "16255569"]
[BlackFideId "16252268"]
[EventCountry "GER"]
[EventRounds "7"]
[EventType "team-swiss"]
[EventDate "2017.12.26"]

1. e4 e5 2. Nf3 Nc6 3. Bc4 Bc5 4. O-O Nf6 5. Nc3 O-O 6. d3 Na5 7. Nxe5 d6 8.
Nf3 Nxc4 9. dxc4 Be6 10. b3 Bb4 11. Bd2 Bxc3 12. Bxc3 Nxe4 13. Bb2 Bg4 14. Qd4
Nf6 15. Nd2 Bf5 16. Qc3 c6 17. Rfe1 Re8 18. f3 d5 19. Rad1 Qb6+ 20. c5 Qc7 21.
Re3 Rxe3 22. Qxe3 Ne8 23. Re1 Be6 24. c4 h6 25. Be5 Qa5 26. a4 Rd8 27. Bc3 Qc7
28. f4 Qd7 29. Qg3 d4 30. Bb2 Nf6 31. Ne4 Qe7 32. f5 Bxf5 33. Nd6 Qd7 34. Bxd4
Bg6 35. Qf3 Qg4 36. Bxf6 Qxf3 37. gxf3 gxf6 38. Nxb7 Rd7 39. Na5 Bc2 40. Re2
Bd1 41. Re3 Rc7 42. Rd3 Be2 43. Re3 Bd1 44. Kf2 Kg7 45. Rd3 Bc2 46. Rd6 a6 47.
Nxc6 Bxb3 48. Nd4 Bxc4 49. c6 Kf8 50. Nf5 Be6 51. Nxh6 Ke7 52. Rd4 f5 53. h4
Kf8 54. Rf4 Rxc6 55. Nxf5 Bb3 56. Nd4 Rb6 57. Nxb3 Rxb3 58. Rg4 a5 59. h5 Rb2+
60. Kg3 Rb4 61. h6 f5 62. Rf4 Kg8 63. Kf2 Rxf4 0-1

[Event "DVM U12 2017"]
[Site "Magdeburg GER"]
[Date "2017.12.28"]
[Round "3"]
[White "Herter, Arne"]
[Black "Grunemann, Jonas"]
[Result "1-0"]
[Termination "normal"]
[Board "9.3"]
[WhiteElo "1342"]
[BlackElo "964"]
[WhiteTeam "USC Magdeburg"]
[BlackTeam "VfL Gräfenhainichen"]
[PlyCount "37"]
[WhiteFideId "16255372"]
[BlackFideId "16255577"]
[EventCountry "GER"]
[EventRounds "7"]
[EventType "team-swiss"]
[EventDate "2017.12.26"]

1. e4 c5 2. Nc3 a6 3. Nf3 d6 4. d4 cxd4 5. Nxd4 e5 6. Nf3 Nf6 7. Bg5 Be7 8. Bc4
O-O 9. Qd2 Nc6 10. O-O-O b5 11. Bb3 b4 12. Bxf6 bxc3 13. Qxc3 Bxf6 14. Qxc6 Be7
15. Qxa8 a5 16. Nxe5 Bd7 17. Qxd8 Rxd8 18. Nxf7 Rf8 19. Ne5+ 1-0

[Event "DVM U12 2017"]
[Site "Magdeburg GER"]
[Date "2017.12.28"]
[Round "3"]
[White "Mischke, Richard"]
[Black "Schiffner, Robin"]
[Result "1/2-1/2"]
[Termination "normal"]
[Board "9.4"]
[WhiteElo "926"]
[BlackElo "1382"]
[WhiteTeam "VfL Gräfenhainichen"]
[BlackTeam "USC Magdeburg"]
[PlyCount "77"]
[WhiteFideId "16255585"]
[BlackFideId "16210328"]
[EventCountry "GER"]
[EventRounds "7"]
[EventType "team-swiss"]
[EventDate "2017.12.26"]

1. d4 d5 2. Nf3 Nf6 3. Bf4 Bf5 4. g3 Nbd7 5. Bg2 e6 6. O-O Be7 7. Nc3 O-O 8.
Re1 c5 9. Nh4 Bg6 10. Nxg6 hxg6 11. Na4 c4 12. b3 b5 13. Nc3 Bb4 14. Bd2 a6 15.
bxc4 bxc4 16. Rb1 Qa5 17. Rxb4 Qxb4 18. Nxd5 Qb2 19. Nxf6+ Nxf6 20. Bxa8 Rxa8
21. Qb1 Qxd4 22. Be3 Qc3 23. Kf1 Rd8 24. Qb6 Rd7 25. Qxa6 Qxc2 26. Bg5 Rd5 27.
Rc1 Rd1+ 28. Rxd1 Qxd1+ 29. Kg2 Qxe2 30. a4 Qe4+ 31. Kg1 Kh7 32. Qb5 c3 33. a5
c2 34. a6 Nd5 35. Qb7 Qe1+ 36. Kg2 c1=Q 37. Bxc1 Qxc1 38. a7 Nc7 39. Kf3
1/2-1/2

[Event "DVM U12 2017"]
[Site "Magdeburg GER"]
[Date "2017.12.29"]
[Round "5"]
[White "Gallasch, Jonas"]
[Black "Weihrauch, Jakob"]
[Result "1/2-1/2"]
[Termination "normal"]
[Board "1.1"]
[WhiteElo "1877"]
[BlackElo "2050"]
[WhiteClock "00:44:17"]
[BlackClock "00:47:38"]
[WhiteTeam "SG Porz"]
[BlackTeam "Hamburger SK"]
[PlyCount "118"]
[WhiteFideId "16222474"]
[BlackFideId "16210115"]
[EventCountry "GER"]
[EventRounds "7"]
[EventType "team-swiss"]
[EventDate "2017.12.26"]

1. c4 Nf6 2. Nc3 g6 3. d4 Bg7 4. e4 d6 5. f3 O-O 6. Be3 Nbd7 7. Nge2 {[%clk
1:31:03]} e5 {[%clk 1:28:58]} 8. d5 {[%clk 1:30:53]} Ne8 {[%clk 1:28:47]} 9.
Qd2 {[%clk 1:30:23]} f5 {[%clk 1:25:28]} 10. O-O-O {[%clk 1:28:32]} f4 {[%clk
1:24:29]} 11. Bf2 {[%clk 1:28:34]} a6 {[%clk 1:22:56]} 12. Kb1 {[%clk 1:26:32]}
Qe7 {[%clk 1:19:38]} 13. Nc1 {[%clk 1:25:14]} Ndf6 {[%clk 1:17:57]} 14. Nd3
{[%clk 1:24:44]} c6 {[%clk 1:16:01]} 15. Na4 {[%clk 1:17:24]} c5 {[%clk
1:13:15]} 16. Nb6 {[%clk 1:16:44]} Rb8 {[%clk 1:13:33]} 17. b4 {[%clk 1:16:54]}
cxb4 {[%clk 1:13:16]} 18. Qxb4 {[%clk 1:17:10]} Nd7 {[%clk 1:11:43]} 19. Nxd7
{[%clk 1:12:02]} Bxd7 {[%clk 1:10:38]} 20. c5 {[%clk 1:11:34]} Bb5 {[%clk
1:10:05]} 21. cxd6 {[%clk 1:10:29]} Nxd6 {[%clk 1:09:13]} 22. Bc5 {[%clk
1:10:45]} Rfd8 {[%clk 1:08:48]} 23. Nb2 {[%clk 1:10:17]} Bxf1 {[%clk 1:06:14]}
24. Rhxf1 {[%clk 1:10:39]} b5 {[%clk 1:03:21]} 25. Rc1 {[%clk 1:09:11]} Bf8
{[%clk 1:00:05]} 26. Qa5 {[%clk 1:04:36]} Qf6 {[%clk 0:56:33]} 27. Bxd6 {[%clk
1:01:55]} Rxd6 {[%clk 0:56:16]} 28. Nd3 {[%clk 1:01:13]} Rdb6 {[%clk 0:54:51]}
29. Nb4 {[%clk 0:55:45]} Qd8 {[%clk 0:52:43]} 30. Rc2 {[%clk 0:54:33]} Bxb4
{[%clk 0:52:51]} 31. Qxb4 {[%clk 0:54:54]} Rd6 {[%clk 0:50:55]} 32. Rfc1 {[%clk
0:54:16]} a5 {[%clk 0:50:15]} 33. Qc3 {[%clk 0:53:47]} Qe7 {[%clk 0:47:56]} 34.
Qc7 {[%clk 0:53:21]} Qxc7 {[%clk 0:47:57]} 35. Rxc7 {[%clk 0:53:45]} a4 {[%clk
0:47:31]} 36. Rc8+ {[%clk 0:53:54]} Rd8 {[%clk 0:47:33]} 37. Rxd8+ {[%clk
0:54:17]} Rxd8 {[%clk 0:47:58]} 38. Rc5 {[%clk 0:54:42]} Rb8 {[%clk 0:48:20]}
39. Kb2 {[%clk 0:54:21]} b4 {[%clk 0:48:17]} 40. Ra5 {[%clk 0:52:54]} a3+
{[%clk 0:48:33]} 41. Kb3 {[%clk 0:53:16]} Rc8 {[%clk 0:48:49]} 42. Kxb4 {[%clk
0:53:23]} Rc2 {[%clk 0:49:11]} 43. Rxa3 {[%clk 0:53:46]} Rxg2 {[%clk 0:49:34]}
44. Kc5 {[%clk 0:53:46]} Kf7 {[%clk 0:49:27]} 45. Ra7+ {[%clk 0:53:54]} Kf6
{[%clk 0:49:54]} 46. d6 {[%clk 0:54:02]} Rc2+ {[%clk 0:50:12]} 47. Kd5 {[%clk
0:53:49]} Rxh2 {[%clk 0:49:05]} 48. a4 {[%clk 0:52:37]} g5 {[%clk 0:49:02]} 49.
d7 {[%clk 0:51:32]} Rd2+ {[%clk 0:49:19]} 50. Kc6 {[%clk 0:51:49]} Ke7 {[%clk
0:49:25]} 51. d8=Q+ {[%clk 0:49:37]} Kxd8 {[%clk 0:49:41]} 52. Rxh7 {[%clk
0:50:01]} Ra2 {[%clk 0:47:13]} 53. Kd6 {[%clk 0:49:16]} Ke8 {[%clk 0:46:46]}
54. Ke6 {[%clk 0:47:58]} Kd8 {[%clk 0:46:41]} 55. Rg7 {[%clk 0:47:17]} Rxa4
{[%clk 0:46:43]} 56. Kf5 {[%clk 0:45:34]} Ra2 {[%clk 0:46:47]} 57. Rxg5 {[%clk
0:44:15]} Rf2 {[%clk 0:46:52]} 58. Kg4 {[%clk 0:44:15]} Rg2+ {[%clk 0:47:14]}
59. Kh4 {[%clk 0:44:17]} Rh2+ {[%clk 0:47:38]} 1/2-1/2